000
00201 a2200097 4500
001
3368
100
_a
Kersey, A.T.J
245
_a
Rippers heat engines
260
_a
_b
Longmans
_c
090
_c
2645
_d
2645
942
_a
NUST-CAE
_c
M
_c
18280
999
_c
238441
_d
238441